Remote sensing and GIS / (Record no. 101914)
[ view plain ]
| 000 -LEADER | |
|---|---|
| fixed length control field | 01084nam a22002657a 4500 |
| 005 - DATE AND TIME OF LATEST TRANSACTION | |
| control field | 20170504145018.0 |
| 010 ## - LCCN (DPL NO) | |
| LC control number | 1617EN ENG-116949 |
| 020 ## - INTERNATIONAL STANDARD BOOK NUMBER | |
| International Standard Book Number | 9780198072393 |
| Terms of availability | 655.00 |
| 035 ## - SYSTEM CONTROL NUMBER | |
| System control number | B-651521-526 |
| 035 ## - SYSTEM CONTROL NUMBER | |
| System control number | EN-100481 |
| 035 ## - SYSTEM CONTROL NUMBER | |
| System control number | B-666241 |
| 037 ## - SOURCE OF ACQUISITION | |
| Source of stock number/acquisition | Pragati |
| Stock number | dpl |
| 037 ## - SOURCE OF ACQUISITION | |
| Source of stock number/acquisition | DBAD/PUB |
| 082 ## - DEWEY DECIMAL CLASSIFICATION NUMBER | |
| Classification number | 910.285 |
| 100 ## - MAIN ENTRY--PERSONAL NAME | |
| Personal name | Bhatta, Basudeb |
| 245 ## - TITLE STATEMENT | |
| Title | Remote sensing and GIS / |
| Statement of responsibility, etc | by Basudeb Bhatta |
| 250 ## - EDITION STATEMENT | |
| Edition statement | 2nd ed. |
| 260 ## - PUBLICATION, DISTRIBUTION, ETC. (IMPRINT) | |
| Date of publication, distribution, etc | 2015 (rp) |
| Place of publication, distribution, etc | New Delhi |
| Name of publisher, distributor, etc | Oxford University Press |
| 270 ## - ADDRESS | |
| Address | YMCA Library Building, 1, Jai Singh Road, |
| City | New Delhi |
| Postal code | 110001. |
| 300 ## - PHYSICAL DESCRIPTION | |
| Dimensions | 24cm(pbk) |
| Extent | xxiv, 716p. |
| Other physical details | colour illus. |
| 500 ## - GENERAL NOTE | |
| General note | Includes references and index |
| 942 ## - ADDED ENTRY ELEMENTS (KOHA) | |
| Item type | English Books |
| Source of classification or shelving scheme | Dewey Decimal Classification |
| Classification part | 910.285 |
| Call number suffix | BHA |
| Withdrawn status | Lost status | Not for loan | Collection code | Home library | Current library | Date acquired | Source of acquisition | Cost, normal purchase price | Full call number | Barcode | Copy number | Cost, replacement price | Koha item type | Public note |
|---|---|---|---|---|---|---|---|---|---|---|---|---|---|---|
| Non-fiction | Ashok Vihar | Ashok Vihar | 04/05/2017 | BPPD/EN/2016-17/AV/16-17/466/15.02.2017/570/28.02.2017/10.3.2017 | 699.00 | 910.285 BHA | B-666241 | 1 | 699.00 | English Books | reprint cost | |||
| Not For Loan | Non-fiction | D.B.Act.Division | Bawana | 27/12/2016 | DBAD/PUB | 699.00 | 910.285 BHA | EN-100481 | 1 | 699.00 | English Books | |||
| Non-fiction | Bawana | Bawana | 09/02/2017 | BPPD/EN/2016-17/300/24.11.2016/IN339/02.12.2016/4.01.17 | 699.00 | 910.285 BHA | B-651526 | 1 | 699.00 | English Books | ||||
| Non-fiction | Central Library | Central Library | 09/02/2017 | BPPD/EN/2016-17/300/24.11.2016/IN339/02.12.2016/4.01.17 | 699.00 | 910.285 BHA | B-651521 | 1 | 699.00 | English Books | ||||
| Non-fiction | Janak Puri | Janak Puri | 09/02/2017 | BPPD/EN/2016-17/300/24.11.2016/IN339/02.12.2016/4.01.17 | 699.00 | 910.285 BHA | B-651524 | 1 | 699.00 | English Books | ||||
| Non-fiction | New Police Line | New Police Line | 09/02/2017 | BPPD/EN/2016-17/300/24.11.2016/IN339/02.12.2016/4.01.17 | 699.00 | 910.285 BHA | B-651522 | 1 | 699.00 | English Books | ||||
| Non-fiction | Patel Nagar | Patel Nagar | 09/02/2017 | BPPD/EN/2016-17/300/24.11.2016/IN339/02.12.2016/4.01.17 | 699.00 | 910.285 BHA | B-651523 | 1 | 699.00 | English Books | ||||
| Non-fiction | Sarojini Nagar | Sarojini Nagar | 09/02/2017 | BPPD/EN/2016-17/300/24.11.2016/IN339/02.12.2016/4.01.17 | 699.00 | 910.285 BHA | B-651525 | 1 | 699.00 | English Books |
